000 02157aam a2200361 i 4500
001 768714001
003 CO-MdFUSB
005 20211203172647.0
007 ta
008 211203t1987 pe |||| |||| 00| 0 spa d
020 _a[No incluye ISBN]
040 _bspa.
_aCO-MdFUSB
_cCO-MdFUSB
_dCO-MdFUSBC
_erda
041 _aspa
082 0 4 _a278.5
_223
_bK425h
100 1 _aKessler, Juan B. A. (1925-)
_eautor
245 1 0 _aHistoria de la evangelización en el Perú
_c/ Juan B. A. Kessler
264 1 _aLima, Perú :
_bEl Inca,
_c[1987]
264 4 _c© 1987
300 _a436 páginas
_c; 17 cm
336 _atexto
_btxt
_2rdacontent
337 _2rdamedia
_asin mediación
_bn
338 _2rdacarrier
_avolumen
_bnc
505 _tPrimera parte. El trasfondo de las iglesias peruanas:
_aLos tres movimientos que influyeron en el cristianismo peruano. -- Un repaso de la historia del Perú.
505 _tSegunda parte: Las iglesias que practicaron el bautismo en niños:
_aLa iglesia católica colonial. -- La iglesia católica durante la república. -- La implantación del protestantismo. -- La obra metodista. --La misión de la iglesia libre de escocia.
505 _tTercera parte: Las iglesias que practicaron el bautismo de adultos:
_aLa primera obra de la unión misionera de las regiones más lejanas. -- El desarrollo de la obra de la EUSA en el centro y sur. -- La obra de la alianza cristiana y misionera y el desarrollo reciente de la iglesia evangélica peruana. -- La obra de los Adventistas. -- Los bautistas en el Perú.
505 _tCuarta parte. Las iglesias que acentuaron el bautismo en el Espíritu:
_aLa iglesia de los peregrinos y la iglesia del Nazareno. -- Las iglesias pentecostales.
505 _tQuinta parte. Una iglesia que no practicó el bautismo:
_aEl ejército de Salvación
505 _tsexta parte. Análisis bíblico del desarrollo de las iglesias:
_aLos problemas de la división , el nacionalismo y la formación de un ministerio nacional. -- La presentación del evangelio en el contexto peruano.
563 _aRústico
650 0 _9153
_aHistoria de la Iglesia
942 _cBK
945 _aJTF-925
999 _c39502
_d39502